| 000 | 01567nam a2200301 u 4500 | ||
|---|---|---|---|
| 001 | 000004824 | ||
| 005 | 20240308073617.0 | ||
| 008 | 090727s2002 dr 000 p spa d | ||
| 020 | _a9993442135 | ||
| 040 |
_aDO-SdBNP _bspa _cBNPHU |
||
| 082 |
_aV861.42 _bR175L |
||
| 100 | 1 |
_aRamos Sucré José Antonio, _d1890-1930 _914006 |
|
| 245 | 1 | 4 |
_aLas lenguas de la máscara : _bantología poética / _cJosé Antonio Ramos Sucre ; introducción y selección Alexis Gómez Rosa ; edición Andrés Blanco Díaz ; presentación Carlos Esteban Deive. |
| 246 | 1 | 3 | _aAntología poética de José Antonio Ramos Sucre |
| 260 |
_aSanto Domingo : _bComisión Permanente de la Feria del Libro, _c2002. |
||
| 300 |
_a261 p. ; _c23 cm. |
||
| 500 | _aIncluye referencias bibliográficas y notas al pie de las páginas. | ||
| 504 | _aBibliografía: p.259-261. | ||
| 505 | 0 |
_gPresentación / _rCarlos Esteban Deive -- _tSucre los ramos del vencido / _rAlexis Gómez Rosa -- _tIntroducción / _rAlexis Gómez Rosa -- _tLa torre del timón (1925) -- _tEl cielo de esmalte (1929) -- _tLas formas del fuego (1929) -- _tGranizada (1929) -- _gCronología -- _gBibliografía. |
|
| 590 | _aInventariado, 2018/VM | ||
| 650 | 4 |
_aPoesía venezolana _94230 |
|
| 650 | 4 |
_aLiteratura venezolana _93816 |
|
| 700 | 1 |
_aGómez Rosa, Alexis, _d1950- _eintrod. _923501 |
|
| 700 | 1 |
_aDeive, Carlos Esteban, _d1935-2019 _epresent. _91916 |
|
| 700 | 1 |
_aDíaz, Orlando, _eed. _914007 |
|
| 710 | 2 |
_aRepública Dominicana. _bComisión Permanente de la Feria del Libro. _914008 |
|
| 910 | _aValidado. Control de calidad EMS. | ||
| 999 |
_c4630 _d4630 |
||